000 00814nam a2200253Ia 4500
003 OSt
005 20220923212616.0
006 a|||||r|||| 00| 0
007 ta
008 RAJ
024 _a154,503
037 _cTextual
040 _aARTS
_cARTS
_bRAJ
041 _2RAJ
_aRAJ
082 _aO1528xN3, 152M7
100 _aभारद्वाज, नन्द, संपा.
245 0 _aसिरजण री सौरम
246 _aSirajaṇ rī saurama
260 _aबीकानेर
_b शिक्षा विभाग राजस्थान
_c1987
300 _a186 पृ0
_ccm.
650 _aराजस्थानी साहित्य
942 _hO1528xN3, 152M7
_cTEXL
_2CC
999 _c310125
_d310125